000 00836nam a22002537a 4500
005 20220329141529.0
008 971013s1989 r 00010 d
010 _a69696
011 _a70668
035 _a80179
082 _a636.4
_bT5
100 0 0 _aTibau i Font, Joan.
_9113025
245 _aProducción porcina
_b: aspectos técnicos de actualidad
260 _a[s.l.] :
_bEdita,
_c1989
300 _a141 p.
_b; ilus
590 _aBATCH-UPD
_b10
_c20130110
_lUCH01
_h0742
590 _aBATCH-UPD
_b10
_c20130410
_lUCH01
_h0423
590 _aBATCH-UPD
_b10
_c20130914
_lUCH01
_h1522
590 _aCONVERSION
_b10
_c20130109
_lUCH01
_h1338
650 1 4 _aGanado porcino
_xProducción.
_945399
901 _aBK
949 _a636.4 T5
_bZ
_cLIBRO
_d-33079
_eLIBRO
_h1534
_i80179
_si
949 _a636.4 T5
_bZ
_cLIBRO
_d-97727
_eLIBRO
_fc.2
_h1535
_i80179
_si
999 _c69696
_d69696